| 000 | 00883nam a2200241 a 4500 | ||
|---|---|---|---|
| 003 | AM-YEHGA | ||
| 005 | 20250617164812.0 | ||
| 008 | 040616s1962 ||| r 000 0 rus d | ||
| 040 | _aAM-YeHGA | ||
| 041 | 0 | _arus | |
| 245 | 1 | 0 |
_aОбогащение неклассифицированных углей / _cМ. Н. Дунаев, В. К. Турченко, А. Г. Мелик-Степанова, В. П. Гребенщиков |
| 260 |
_aМосква : _bГосгортехиздат, _c1962. |
||
| 300 |
_a183 с. _bтл.. |
||
| 504 | _aБиблиогр.: с. 183 | ||
| 653 | 0 | _aУголь - Обогащение | |
| 700 | 1 | _aДунаев, Максим Никитич | |
| 700 | 1 | _aТурченко, В. К. | |
| 700 | 1 | _aМелик-Степанова, А. Г. | |
| 700 | 1 | _aГребенщиков, В. П. | |
| 942 |
_2udc _cBK |
||
| 001 | 1827017 | ||
| 090 | _c568226 | ||
| 999 |
_c529740 _d529740 |
||